Angoulême - Choix multiples - Statistiques

Statistiques générales
  • Ce quiz a été pris 2 503 fois
    2 469 depuis la dernière actualisation
  • Le résultat moyen est 6 sur 10
Statistiques - réponses
Question Réponse % Correct
Pour lequel de ces évènements Angoulême est-elle particulièrement célèbre ? Festival de la bande dessinée
97%
Comment François Ravaillac, natif d'Angoulême, s'est-il rendu célèbre ? En assassinant un roi de France
79%
Quel fleuve traverse la ville ? Charente
71%
Lequel de ces bâtiments est l'hôtel de ville d'Angoulême, dont l'aménagement donna lieu à une polémique dans les années 1850 ?
56%
A quelle industrie ayant permis la prospérité de la ville au XIXe siècle notamment un musée d'Angoulême est-il consacré ? Papeterie
52%
Sur quel lieu se déroule un célèbre évènement automobile ? Les remparts
51%
Quel roi fut comte de la ville ? François Ier
46%
Quelle série animée a eu droit à une adaptation en prise de vues réelles intégralement tournée dans l'agglomération d'Angoulême, au lycée Guez-de-Balzac notamment ? Code Lyoko
41%
Lequel de ces physicien né à Angoulême a grandement contribué à la loi du frottement et donne son nom à l'unité de la charge électrique ? Charles-Augustin Coulomb
37%
Quelle ville américaine a été fondé sur un territoire nommé Nouvelle-Angoulême ? New York
37%
Aucun quiz correspondant
Distribution des résultats
% des personnes avec chaque résultat
Percentile par nombre de réponses
Votre historique - résultats
Vous n’avez pas pris ce quiz depuis la dernière actualisation